F1 teams - Statistics

General Stats
  • This quiz has been taken 26 times
  • The average score is 11 of 14
Answer Stats
Picture Answer % Correct
Red Bull
100%
Ferrari
95%
Mclaren
95%
Mercedes
95%
jaguar
90%
williams
90%
Alpine
85%
Aston Martin
85%
Haas
85%
Kick sauber
70%
Racing bulls
70%
Alphatauri
60%
minardi
35%
Scuderia Toro Rosso
5%
No matching quizzes found
Score Distribution
Percent of People with Each Score
Percentile by Number Answered
Your Score History
You have not taken this quiz